<?xml version="1.0" encoding="UTF-8"?>
<record
    xmlns:xsi="http://www.w3.org/2001/XMLSchema-instance"
    xsi:schemaLocation="http://www.loc.gov/MARC21/slim http://www.loc.gov/standards/marcxml/schema/MARC21slim.xsd"
    xmlns="http://www.loc.gov/MARC21/slim">

  <leader>01027nam a2200253Ia 4500</leader>
  <controlfield tag="003">IN-BaIIA</controlfield>
  <controlfield tag="008">211028s9999    xx            000 0 eng d</controlfield>
  <datafield tag="040" ind1=" " ind2=" ">
    <subfield code="c">IIA Library</subfield>
  </datafield>
  <datafield tag="080" ind1=" " ind2=" ">
    <subfield code="a">52-337</subfield>
    <subfield code="b">HIN.1</subfield>
  </datafield>
  <datafield tag="110" ind1=" " ind2=" ">
    <subfield code="a">NATO</subfield>
    <subfield code="9">6419</subfield>
  </datafield>
  <datafield tag="111" ind1=" " ind2=" ">
    <subfield code="a">NATO Advanced Study Institute on Planetary and Stellar Magnetism</subfield>
    <subfield code="c">University of Newcastle upon Tyne</subfield>
    <subfield code="d">1965</subfield>
    <subfield code="9">7412</subfield>
  </datafield>
  <datafield tag="245" ind1=" " ind2="0">
    <subfield code="a">Magnetism and the cosmos</subfield>
    <subfield code="b">proceedings of NATO advanced study institute on planetary and stellar magnetism held in the departments of physics and mathematics, University of Newcastle Upon Tyne, 1965</subfield>
    <subfield code="c">edtied by W. R. Hindmarsh&#x2026; [et al.]</subfield>
  </datafield>
  <datafield tag="260" ind1=" " ind2=" ">
    <subfield code="a">Edinburgh</subfield>
    <subfield code="b">Oliver and Boyd</subfield>
    <subfield code="c">1967</subfield>
  </datafield>
  <datafield tag="300" ind1=" " ind2=" ">
    <subfield code="a">xiv, 436p.</subfield>
  </datafield>
  <datafield tag="650" ind1=" " ind2=" ">
    <subfield code="a">Astronomy and astrophysics thesaurus</subfield>
  </datafield>
  <datafield tag="650" ind1=" " ind2=" ">
    <subfield code="a">Magnetism</subfield>
    <subfield code="9">56</subfield>
  </datafield>
  <datafield tag="650" ind1=" " ind2=" ">
    <subfield code="a">Universe</subfield>
    <subfield code="9">1987</subfield>
  </datafield>
  <datafield tag="700" ind1=" " ind2=" ">
    <subfield code="a">Hindmarsh, W. R., ed.</subfield>
    <subfield code="9">5549</subfield>
  </datafield>
  <datafield tag="700" ind1=" " ind2=" ">
    <subfield code="a">Lowes, F. J., ed.</subfield>
    <subfield code="9">5550</subfield>
  </datafield>
  <datafield tag="700" ind1=" " ind2=" ">
    <subfield code="a">Roberts, P. H., ed.</subfield>
    <subfield code="9">5551</subfield>
  </datafield>
  <datafield tag="700" ind1=" " ind2=" ">
    <subfield code="a">Runcorn, S. K., ed.</subfield>
    <subfield code="9">4292</subfield>
  </datafield>
  <datafield tag="710" ind1=" " ind2=" ">
    <subfield code="a">North Atlantic Treaty Organization</subfield>
    <subfield code="9">6421</subfield>
  </datafield>
  <datafield tag="942" ind1=" " ind2=" ">
    <subfield code="c">BK</subfield>
  </datafield>
  <datafield tag="999" ind1=" " ind2=" ">
    <subfield code="c">4218</subfield>
    <subfield code="d">4218</subfield>
  </datafield>
  <datafield tag="952" ind1=" " ind2=" ">
    <subfield code="0">0</subfield>
    <subfield code="1">0</subfield>
    <subfield code="4">0</subfield>
    <subfield code="7">0</subfield>
    <subfield code="a">BAN</subfield>
    <subfield code="b">BAN</subfield>
    <subfield code="c">GEN</subfield>
    <subfield code="d">1973-05-23</subfield>
    <subfield code="g">142.75</subfield>
    <subfield code="l">0</subfield>
    <subfield code="o">52-337/ HIN.1</subfield>
    <subfield code="p">4708</subfield>
    <subfield code="r">2021-11-05</subfield>
    <subfield code="v">142.75</subfield>
    <subfield code="w">1973-05-23</subfield>
    <subfield code="y">BK</subfield>
    <subfield code="G">Rs. 142.75</subfield>
  </datafield>
</record>
